1044 1493 1021 1994 1980 1207 1056 1116 1830 1781 1106 1995 1290 1228 1118 1713 1338 1524 1231 1062 1987 1137 1162 1044 1780 1385 1731 1800 1099 1485 1458 1380 1402 1156 1421 1845 1489 1451 1235 1643 1320 1903 1409 1071 1731 1726 1753 1986 1010 1789 1361 1839 1616 1501 1786 1868 1173 1156 1472 1091 1785 1392 1924 1693 1520 1365 1115 1731 1494 1583 1377 1386 1219 1132 1771 1895 1040 1093 1665 1898 1268 1065 1467 1115 1028 1241 1148 1956 1170 1059 1312 1497 1240 1317 1376 1090 1478 1029 1953 BCNSPRNW ULIB Ver.6.0+V

เปลี่ยนเป็นภาษาไทย

Change to English
 แสดงรายละเอียดบรรณานุกรม
  กลับหน้าหลัก

Brief Record : Get Marc (ISO 2709) : E-mail record : QR code < ปิดหน้าต่าง
LEADER : 00000nam 2200000uu 4500
001    13399110529
003     ULIB
008    110602s2542||||th 000 0 tha d
020    9747364042
060 04 WQ7^bส879ส 2542
100 0  เสรี ธีรพงษ์,^cพ.ต.ท.
245 10 ใกล้ชิดชีวิต /^cพ.ต.ท. เสรี ธีรพงษ์
250    พิมพ์ครั้งที่ 1
260    กรุงเทพฯ :^bสุขภาพใจ,^c2542
300    135 หน้า :^bภาพประกอบ ;^c21 ซม.
650  7 โรค
650  7 การรักษาโรค
945    ^p85^l0^i013857
945    ^p85^l0^i013856
945    ^p85^l0^i013855
995    ทศพร
999 ^a ใช้งานได้ทุกระบบ
รายการนี้ยังไม่มีแท็ก
คุณยังไม่ได้ล็อกอิน คุณสามารถมีกิจกรรมร่วมกับเว็บไซต์ได้ แต่ต้องล็อกอินก่อน ::
  ล็อกอิน

รายการสื่อสารสนเทศ

ลำดับที่ ประเภท เลขเรียก/บาร์โค้ด สถานที่ สถานะ
- ไม่พบข้อมูล -

รายการใกล้เคียง
    หัวเรื่อง [โรค]
    หัวเรื่อง [การรักษาโรค]

BibComment


ยังไม่เคยถูกคอมเมนท์

คอมเมนท์ทรัพยากรรายการนี้
  คอมเมนท์: ใกล้ชิดชีวิต พตท..


 Copyright 2026. Bcnsprnw @Library